000
00277nam a22001217a 4500
008
180306b xxu||||| |||| 00| 0 eng d
041
_a
eng
080
_a
004
100
_a
28
101
_a
SHK
245
_a
Capture, create and share digital movies
_c
Gateway
942
_2
udc
_c
BK
999
_c
44149
_d
44149